000 00811nac a22002537a 4500
001 BR8205513
003 BR-BrBNA
005 20240105115516.0
008 230509b bl.|||m| |||| 00| 0 por d
040 _aBR-BrBNA
_bpor
_cBiblioteca Nacional de Agricultura
072 _aA00
090 _aA00 BR8205513
110 1 _aBiblioteca Nacional de Agricultura, Brasilia, DF (Brasil)
_91256
245 1 _aBanco de Bibliografias da America Latina e do Caribe [Bibliografia]
260 3 _aBrasilia, DF (Brasil):
_c1982.
300 _a70 p.
490 _aBanco de Bibliografias da America Latina e do Caribe (Brazil)
_vv. 1(1)
_x
650 _aAGRICULTURA
650 _aBIBLIOGRAFIA
650 _aAMERICA LATINA
650 _aCARIBE
909 _a202312
_bLúcia Elande
_c55
_dLúcia Elande
942 _2AGRIS
_n0
_cMS
999 _c275109
_d275109